Normal view
MARC view
- Rastelli Nino
Entry Personal Name
001 - CONTROL NUMBER
- control field: 18926
003 - CONTROL NUMBER IDENTIFIER
- control field: IT-RoPau
005 - DATE AND TIME OF LATEST TRANSACTION
- control field: 20140406154806.0
008 - FIXED-LENGTH DATA ELEMENTS
- fixed length control field: 140406|| aca||aabn | a|a d
040 ## - CATALOGING SOURCE
- Original cataloging agency: IT-RoPau
- Transcribing agency: IT-RoPau
100 ## - HEADING--PERSONAL NAME
- Personal name: Rastelli Nino
- Dates associated with a name: Codice autore SPICS: 13482
- Relator term: Autore
- Name of part/section of a work: Avanti e indrè - E' arrivato l'ambasciatore
670 ## - SOURCE DATA FOUND
- Source citation: Work cat.: (IT-RoPau)99691: AA.VV. 794, Motivi dell'allegria (I) vol. 4